000 00681nam a2200289Ia 4500
005 20260324123019.0
008 008 260324s9999 xx 000 0 eng d
020 _a9780429253645
037 _aEBOOK
040 _aCRL
040 _beng
040 _cCRL
041 _2eng
041 _aeng
084 _qCRL
100 _aBarry L. Cross
_91155378
245 0 _aLean Innovation
245 0 _bUnderstanding What's Next in Today's Economy
260 _bTaylor and Francis
260 _c2012
365 _a
365 _b87.99
856 _uhttp://www.taylorfrancis.com/books/9780429253645
942 _cEBOOK
999 _c1761845
_d1761845